[Event "Doncaster 4NCL op-B 15th"]
[Site "Doncaster"]
[Date "2017.09.09"]
[Round "3"]
[White "May, Paul"]
[Black "Nandi, Robin J"]
[Result "0-1"]
[WhiteElo "1741"]
[BlackElo "1818"]
[PlyCount "62"]
[EventDate "2017.09.08"]
[EventType "swiss"]
[EventRounds "5"]
[EventCountry "ENG"]
[SourceTitle "CBM 180 Extra"]
[Source "ChessBase"]
[SourceDate "2017.10.06"]
[SourceVersion "1"]
[SourceVersionDate "2017.10.06"]
[SourceQuality "1"]

1. d4 Nf6 2. c4 e6 3. Nc3 Bb4 4. f3 d5 5. a3 Bxc3+ 6. bxc3 0-0 7. Qc2 c5 8. cxd5 exd5 9. Bg5 Nc6 10. dxc5 d4 11. 0-0-0 b6 12. e4 bxc5 13. Bb5 Ne5 14. h3 Qa5 15. Bxf6 gxf6 16. a4 a6 17. Be2 Bd7 18. Kd2 d3 19. Qa2 dxe2 20. Nxe2 Be6 21. Qa1 Bc4 22. Nf4 Rfd8+ 23. Ke3 Bb3 24. Rb1 c4 25. Nd5 Qc5+ 26. Ke2 Rxd5 27. exd5 Nd3 28. Rxb3 Qf2+ 29. Kd1 cxb3 30. Qb1 Qe3 31. Rf1 Re8 0-1

[Event "Doncaster 4NCL op-B 15th"]
[Site "Doncaster"]
[Date "2017.09.09"]
[Round "2"]
[White "Nandi, Robin J"]
[Black "Ross, Stuart"]
[Result "0-1"]
[WhiteElo "1818"]
[BlackElo "1641"]
[PlyCount "82"]
[EventDate "2017.09.08"]
[EventType "swiss"]
[EventRounds "5"]
[EventCountry "ENG"]
[SourceTitle "CBM 180 Extra"]
[Source "ChessBase"]
[SourceDate "2017.10.06"]
[SourceVersion "1"]
[SourceVersionDate "2017.10.06"]
[SourceQuality "1"]

1. d4 d5 2. c4 c6 3. Nf3 Nf6 4. g3 e6 5. Bg2 Nbd7 6. 0-0 Bd6 7. Nfd2 0-0 8. Nc3 Re8 9. e4 dxe4 10. Ndxe4 Bc7 11. b3 e5 12. d5 cxd5 13. cxd5 Nxe4 14. Nxe4 Nf6 15. Bg5 Bd6 16. Qf3 Bg4 17. Nxf6+ gxf6 18. Qxg4 fxg5 19. Qf5 Kg7 20. Be4 Rh8 21. Rac1 Qf6 22. g4 h5 23. Rc3 hxg4 24. Qxg4 Rh4 25. Qf5 Rah8 26. h3 Qxf5 27. Bxf5 Rd4 28. Rd3 Rxd3 29. Bxd3 Rxh3 30. Be4 Rh4 31. f3 Bc5+ 32. Kg2 Rf4 33. Bd3 f5 34. Re1 Kf6 35. a4 g4 36. fxg4 Rxg4+ 37. Kf1 Rg1+ 38. Ke2 Rxe1+ 39. Kxe1 e4 40. Bc4 Ke5 41. Kd2 f4 0-1

[Event "Wakefield 4NCL op-B 14th"]
[Site "Wokefield"]
[Date "2017.07.16"]
[Round "4"]
[White "Burrows, Nick"]
[Black "Nandi, Robin J"]
[Result "1/2-1/2"]
[WhiteElo "1888"]
[BlackElo "1827"]
[PlyCount "111"]
[EventDate "2017.07.14"]
[EventType "swiss"]
[EventRounds "5"]
[EventCountry "ENG"]
[SourceTitle "EXT 2018"]
[Source "ChessBase"]
[SourceDate "2017.10.13"]
[SourceVersion "1"]
[SourceVersionDate "2017.10.13"]
[SourceQuality "1"]

1. Nf3 e6 2. c4 f5 3. d4 Nf6 4. g3 Be7 5. Bg2 0-0 6. 0-0 d5 7. b3 c6 8. Bb2 Nbd7 9. Nbd2 Qe8 10. Ne1 Qh5 11. e3 Qxd1 12. Rxd1 g5 13. Nd3 Bd6 14. Ne5 Kg7 15. f4 g4 16. c5 Bxe5 17. fxe5 Ne4 18. Bxe4 fxe4 19. a4 Rxf1+ 20. Rxf1 Nf8 21. Bc3 Ng6 22. Ba5 Bd7 23. Bc7 Rf8 24. Rxf8 Kxf8 25. Bd8 Be8 26. Bf6 Bf7 27. Nb1 Ke8 28. Nc3 Kd7 29. b4 a6 30. b5 axb5 31. axb5 Kc7 32. b6+ Kc8 33. Kg2 Nf8 34. Kf1 Nd7 35. Be7 Nb8 36. Ke1 Na6 37. Na2 Kd7 38. Bf6 Ke8 39. Kd2 Kd7 40. Kc3 Kc8 41. Nc1 Kd7 42. Nb3 Kc8 43. Na5 Bh5 44. Be7 Bf7 45. Bd6 Bh5 46. Kb3 Bf7 47. Ka4 Bh5 48. Nb3 Bf7 49. Nc1 Kd7 50. Ne2 Kc8 51. Ka5 Kd7 52. Nc3 Ke8 53. Nb5 Kd7 54. Na7 Bh5 55. Bf8 Bf7 56. Bd6 1/2-1/2

[Event "Harrogate 4NCL op-B 12th"]
[Site "Harrogate"]
[Date "2017.01.08"]
[Round "5"]
[White "Goodfellow, Russell Robert"]
[Black "Nandi, Robin J"]
[Result "1-0"]
[WhiteElo "1905"]
[BlackElo "1839"]
[PlyCount "83"]
[EventDate "2017.01.06"]
[EventType "swiss"]
[EventRounds "5"]
[EventCountry "ENG"]
[SourceTitle "CBM 176 Extra"]
[Source "ChessBase"]
[SourceDate "2017.03.02"]
[SourceVersion "1"]
[SourceVersionDate "2017.03.02"]
[SourceQuality "1"]

1. e4 e6 2. d4 d5 3. Nd2 Nf6 4. e5 Nfd7 5. f4 c5 6. c3 Nc6 7. Ndf3 Be7 8. Be2 0-0 9. g3 a6 10. Kf1 b5 11. Bd3 f5 12. Nh3 cxd4 13. cxd4 Nb6 14. Rg1 Bd7 15. g4 fxg4 16. Rxg4 h6 17. Kg1 Be8 18. Bb1 Bh5 19. Qd3 Rf5 20. Rg3 Rc8 21. Qe3 Qf8 22. a3 Bxf3 23. Rxf3 Nxd4 24. Rf2 Bh4 25. Rf1 Qc5 26. Bxf5 Nxf5 27. Qxc5 Rxc5 28. Bd2 Rc2 29. Bc1 Nc4 30. b3 Na5 31. Rb1 d4 32. Rf3 Be1 33. Rd3 Rc3 34. Rxc3 Bxc3 35. Nf2 Kf7 36. Kf1 Nc6 37. Ke2 Nce7 38. b4 Nd5 39. Kd3 Ke7 40. Ne4 Nfe3 41. Bxe3 Nxe3 42. Nxc3 1-0